[Event "V Open Alta Padovana A"]
[Site "Loreggia ITA"]
[Date "2005.02.27"]
[Round "4"]
[White "Busi, Massimo"]
[Black "Verducci, Gianni"]
[Result "0-1"]
[WhiteElo "1820"]
[BlackElo "2081"]
[PlyCount "91"]
[EventDate "2005.02.25"]

1. e4 e6 2. d4 d5 3. Nd2 Nf6 4. e5 Nfd7 5. Bd3 c5 6. c3 Qb6 7. Ne2 Nc6 8. Nf3
cxd4 9. cxd4 Bb4+ 10. Bd2 O-O 11. O-O f6 12. exf6 Nxf6 13. Bf4 Bd7 14. a3 Be7
15. Qd2 Na5 16. Rab1 Bb5 17. Ng3 Ne4 18. Nxe4 dxe4 19. Bxb5 exf3 20. Bd3 Nb3
21. Qe3 Nxd4 22. Rfe1 Bc5 23. Qe4 Nf5 24. Rf1 fxg2 25. Kxg2 Nh4+ 26. Kg1 Ng6
27. Bg3 Rad8 28. b4 Bd4 29. Bc4 Kh8 30. Qxe6 Qxe6 31. Bxe6 h5 32. h4 Bf6 33.
Rb3 Bxh4 34. Bxh4 Nxh4 35. Rh3 g5 36. f4 Rd2 37. f5 Kg7 38. Rc3 g4 39. Rc7+ Kf6
40. Rf2 Rd1+ 41. Rf1 Nf3+ 42. Kg2 Rfd8 43. Rxd1 Rxd1 44. Kg3 Rd3 45. Kf4 Ng5
46. Bd5 0-1

[Event "V Open Alta Padovana A"]
[Site "Loreggia ITA"]
[Date "2005.02.27"]
[Round "4"]
[White "Casciello, Dimitri"]
[Black "Fragni, Enrico"]
[Result "1-0"]
[WhiteElo "1904"]
[BlackElo "1898"]
[PlyCount "90"]
[EventDate "2005.02.25"]

1. e4 c6 2. d4 d6 3. Nc3 Nf6 4. f3 Qc7 5. Be3 e5 6. Nge2 Be7 7. Qd2 Nbd7 8. g4
h6 9. O-O-O b5 10. Ng3 Nb6 11. Nf5 Bf8 12. dxe5 dxe5 13. g5 Bxf5 14. gxf6 Be6
15. fxg7 Bxg7 16. Bc5 Rd8 17. Bd6 Qc8 18. Qe3 f6 19. Be2 h5 20. Qc5 Bf8 21.
Bxf8 Rxf8 22. Rxd8+ Qxd8 23. Qxc6+ Bd7 24. Qc5 a6 25. Rd1 Qb8 26. Nd5 Nxd5 27.
Qxd5 Qc7 28. f4 Bg4 29. Bxg4 hxg4 30. Qe6+ Qe7 31. Qxg4 exf4 32. Qxf4 Kf7 33.
e5 Qxe5 34. Qxe5 fxe5 35. Rf1+ Kg7 36. Rxf8 Kxf8 37. Kd2 Kf7 38. Ke3 Kf6 39.
Ke4 Ke6 40. c3 a5 41. b3 Kf6 42. c4 bxc4 43. bxc4 Ke6 44. c5 a4 45. a3 Kd7 1-0

[Event "V Open Alta Padovana A"]
[Site "Loreggia ITA"]
[Date "2005.02.27"]
[Round "4"]
[White "Dallaglio, Giovanni"]
[Black "Boanta, Sandu"]
[Result "1/2-1/2"]
[WhiteElo "2028"]
[BlackElo "1826"]
[PlyCount "60"]
[EventDate "2005.02.25"]

1. d4 d5 2. Nf3 Nf6 3. c4 e6 4. Nc3 Bb4 5. Qa4+ Nc6 6. e3 Bxc3+ 7. bxc3 O-O 8.
Bd3 Bd7 9. Qc2 Re8 10. O-O h6 11. h3 Rc8 12. Ne5 Ne7 13. c5 b6 14. Ba3 Bc6 15.
f4 Bb7 16. g4 Ne4 17. Bb5 bxc5 18. Bxe8 Qxe8 19. Nd3 cxd4 20. cxd4 Ba6 21. Rfc1
Bxd3 22. Qxd3 c6 23. Rc2 Ng6 24. Kh2 Qd8 25. Bb4 h5 26. g5 Nh4 27. Be1 Nf5 28.
h4 g6 29. a4 Qd7 30. Rac1 Qd6 1/2-1/2

[Event "V Open Alta Padovana A"]
[Site "Loreggia ITA"]
[Date "2005.02.27"]
[Round "4"]
[White "Dvirnyy, Danyyil"]
[Black "Cacco, Christian"]
[Result "0-1"]
[WhiteElo "2098"]
[BlackElo "2282"]
[PlyCount "48"]
[EventDate "2005.02.25"]

1. e4 g6 2. d4 Bg7 3. Nc3 d6 4. Be3 a6 5. Qd2 b5 6. h4 h6 7. Nh3 Bb7 8. f3 Nd7
9. O-O-O Nb6 10. a3 Nf6 11. g4 Nfd7 12. Nf4 c6 13. e5 dxe5 14. dxe5 Bxe5 15.
Nxg6 fxg6 16. Bd3 Rg8 17. h5 Nc4 18. Bxc4 bxc4 19. f4 Bh8 20. hxg6 Rxg6 21. Ne4
c5 22. Qg2 Qb6 23. Rxd7 Qxb2+ 24. Kd1 Kxd7 0-1

[Event "V Open Alta Padovana A"]
[Site "Loreggia ITA"]
[Date "2005.02.27"]
[Round "4"]
[White "Garofalo, Sergio"]
[Black "Roberti, Ignazio"]
[Result "1-0"]
[WhiteElo "2005"]
[BlackElo "1975"]
[PlyCount "93"]
[EventDate "2005.02.25"]

1. d4 Nf6 2. Nf3 e6 3. Nbd2 d5 4. a3 Nbd7 5. b3 b6 6. e3 Bb7 7. Bd3 Bd6 8. Bb2
O-O 9. O-O c5 10. Ne5 cxd4 11. exd4 Bxe5 12. dxe5 Ne4 13. f3 Nxd2 14. Qxd2 Nc5
15. Be2 Qc7 16. Rac1 Nd7 17. Bd4 Nxe5 18. Qf4 f6 19. c4 Qb8 20. c5 Nc6 21. Qxb8
Raxb8 22. Bf2 bxc5 23. Bxc5 Rfd8 24. b4 Kf7 25. b5 Na5 26. Bxa7 Rbc8 27. Bb6
Nb3 28. Rb1 Nd2 29. Bxd8 Nxb1 30. Rxb1 Rxd8 31. Rc1 Rd7 32. b6 Ke7 33. Bb5 Ba6
34. Bxd7 Kxd7 35. Rc7+ Kd6 36. a4 g5 37. Rxh7 Kc6 38. a5 d4 39. Kf2 f5 40. Rc7+
Kd6 41. Ra7 Bc4 42. Rg7 d3 43. Ke1 Ke5 44. b7 Kd4 45. b8=Q Kc3 46. Qe5+ Kc2 47.
Qd4 1-0

[Event "V Open Alta Padovana A"]
[Site "Loreggia ITA"]
[Date "2005.02.27"]
[Round "4"]
[White "Gennari, Leone"]
[Black "Forato, Enrico"]
[Result "0-1"]
[WhiteElo "2053"]
[BlackElo "1993"]
[PlyCount "70"]
[EventDate "2005.02.25"]

1. d4 Nf6 2. c4 g6 3. Nc3 Bg7 4. e4 d6 5. f3 O-O 6. Be3 e5 7. d5 a5 8. Qd2 Na6
9. Nge2 Nc5 10. g4 Bxg4 11. fxg4 Nfxe4 12. Nxe4 Nxe4 13. Qc2 Qh4+ 14. Kd1 Qxg4
15. Rg1 Qf3 16. Bg2 Qxe3 17. Qxe4 Qb6 18. Rb1 f5 19. Qh4 Qe3 20. Qh3 Qc5 21. b3
e4 22. Kc2 b5 23. Rbf1 bxc4 24. bxc4 Qxc4+ 25. Nc3 Bxc3 26. Qxc3 Qxa2+ 27. Qb2
Qxd5 28. Rd1 Qc6+ 29. Kd2 d5 30. h4 f4 31. h5 e3+ 32. Ke2 Qc4+ 33. Rd3 f3+ 34.
Bxf3 Rxf3 35. Kxf3 Qxd3 0-1

[Event "V Open Alta Padovana A"]
[Site "Loreggia ITA"]
[Date "2005.02.27"]
[Round "4"]
[White "Gromovs, Sergejs"]
[Black "Renier, Renzo"]
[Result "1-0"]
[WhiteElo "2335"]
[BlackElo "1987"]
[PlyCount "41"]
[EventDate "2005.02.25"]

1. d4 Nf6 2. Nf3 g6 3. c4 Bg7 4. Nc3 d5 5. cxd5 Nxd5 6. e4 Nxc3 7. bxc3 c5 8.
Rb1 O-O 9. Be2 cxd4 10. cxd4 Qa5+ 11. Qd2 Qxd2+ 12. Bxd2 e6 13. O-O b6 14. Rfc1
Ba6 15. Kf1 Rc8 16. Rxc8+ Bxc8 17. Rc1 Bb7 18. Rc7 Bxe4 19. Ng5 Bd5 20. Rc8+
Bf8 21. Bf3 1-0

[Event "V Open Alta Padovana A"]
[Site "Loreggia ITA"]
[Date "2005.02.27"]
[Round "4"]
[White "Ljubisavljevic, Zivojin Z."]
[Black "Belloni, Umberto"]
[Result "1-0"]
[WhiteElo "2281"]
[BlackElo "1950"]
[PlyCount "105"]
[EventDate "2005.02.25"]

1. c4 f5 2. Nc3 Nf6 3. d4 e6 4. Bg5 Bb4 5. Rc1 O-O 6. a3 Bxc3+ 7. Rxc3 Qe8 8.
Bxf6 Rxf6 9. f4 d6 10. g3 Nd7 11. Nf3 e5 12. dxe5 dxe5 13. Qd5+ Re6 14. fxe5 c6
15. Qd2 Nxe5 16. Nd4 Re7 17. Bg2 Ng4 18. Bf3 Ne3 19. Kf2 Ng4+ 20. Bxg4 fxg4 21.
Re3 Rf7+ 22. Kg2 Qf8 23. Qd1 c5 24. Nb5 Bd7 25. Rf1 Bc6+ 26. Kg1 a6 27. Nc7
Rxf1+ 28. Qxf1 Qxf1+ 29. Kxf1 Rd8 30. Ke1 Kf7 31. Re5 Rd7 32. Nd5 g6 33. Ne3
Re7 34. Nxg4 b6 35. Rxe7+ Kxe7 36. Kd2 Ke6 37. Kd3 Ba4 38. Nf2 Ke5 39. Nh3 h6
40. Nf4 g5 41. Nd5 b5 42. Nc7 Kd6 43. Nxa6 Kc6 44. b4 bxc4+ 45. Kc3 cxb4+ 46.
axb4 Bb5 47. Nc5 Kd5 48. e4+ Ke5 49. Nb7 Ba6 50. Na5 Kxe4 51. Nxc4 Kf3 52. Ne5+
Kf2 53. g4 1-0

[Event "V Open Alta Padovana A"]
[Site "Loreggia ITA"]
[Date "2005.02.27"]
[Round "4"]
[White "Mukic, Josko"]
[Black "Pojer, Romeo"]
[Result "1-0"]
[WhiteElo "2340"]
[BlackElo "2127"]
[PlyCount "116"]
[EventDate "2005.02.25"]

1. f4 d6 2. Nf3 Nf6 3. g3 g6 4. Bg2 Bg7 5. O-O O-O 6. d3 c5 7. Nc3 Nc6 8. Nh4
e6 9. e4 Nd4 10. f5 Bd7 11. Bg5 Bc6 12. Qd2 Qb6 13. Rab1 Rae8 14. Kh1 Qc7 15.
Rbe1 b5 16. fxg6 fxg6 17. Nd1 Bb7 18. c3 Nc6 19. Nf2 Ne5 20. d4 Nc4 21. Qe2 a6
22. b3 Nb6 23. Qd2 e5 24. d5 c4 25. Bh3 Bc8 26. Bxc8 Rxc8 27. b4 Na4 28. Nf3
Rf7 29. Be3 Re7 30. Ng5 Qd7 31. Ne6 Rxe6 32. dxe6 Qxe6 33. Bg5 Nd7 34. Rd1 Bf8
35. Kg2 h6 36. Be3 g5 37. h3 Nf6 38. Rh1 Rd8 39. h4 g4 40. Bxh6 Bxh6 41. Qxh6
Nxc3 42. Qg6+ Kh8 43. Rdf1 Rd7 44. Nxg4 Qxg4 45. Qxf6+ Rg7 46. Qf8+ Kh7 47.
Qf5+ Qxf5 48. exf5 Nxa2 49. f6 Rf7 50. g4 Kg6 51. h5+ Kg5 52. Kg3 Nxb4 53. Rf5+
Kh6 54. g5+ Kh7 55. g6+ Kg8 56. gxf7+ Kxf7 57. h6 Nd5 58. h7 Ne3 1-0

[Event "V Open Alta Padovana A"]
[Site "Loreggia ITA"]
[Date "2005.02.27"]
[Round "4"]
[White "Navarro, Stefano"]
[Black "Molina, Fabrizio"]
[Result "1-0"]
[WhiteElo "2179"]
[BlackElo "2276"]
[PlyCount "49"]
[EventDate "2005.02.25"]

1. e4 d6 2. d4 Nf6 3. Nc3 Nbd7 4. Nf3 e5 5. Bc4 Be7 6. O-O c6 7. a4 Qc7 8. h3
h6 9. Be3 O-O 10. Ba2 exd4 11. Nxd4 Ne5 12. f4 Ng6 13. Qe2 Qa5 14. Rad1 Qb4 15.
Qd3 Re8 16. e5 Nxe5 17. fxe5 dxe5 18. Qg6 Kh8 19. Bxf7 exd4 20. Bxh6 Bf8 21.
Bxe8 dxc3 22. Rxf6 Qc5+ 23. Kh1 Bxh3 24. Rf7 Bxg2+ 25. Kxg2 1-0

[Event "V Open Alta Padovana A"]
[Site "Loreggia ITA"]
[Date "2005.02.27"]
[Round "4"]
[White "Padovan, Remo"]
[Black "Bonafede, Alessandro"]
[Result "1-0"]
[WhiteElo "1853"]
[BlackElo "2089"]
[PlyCount "91"]
[EventDate "2005.02.25"]

1. d4 Nf6 2. c4 g6 3. Nc3 Bg7 4. e4 d6 5. Nf3 Nbd7 6. Be2 O-O 7. O-O e5 8. d5
Nc5 9. Qc2 a5 10. Ne1 c6 11. Be3 Na6 12. a3 Ne8 13. Rd1 c5 14. Qd2 f5 15. exf5
gxf5 16. f4 e4 17. Nc2 Nf6 18. Rb1 b6 19. b4 axb4 20. axb4 Rf7 21. Nb5 Ne8 22.
Bh5 Re7 23. Bf2 Nac7 24. bxc5 Nxb5 25. Rxb5 bxc5 26. Ne3 Rea7 27. Rfb1 Ra2 28.
Qe1 Nf6 29. Be2 Qc7 30. h3 R8a3 31. R5b3 Rxb3 32. Rxb3 Qa7 33. Kh2 Ne8 34. g4
fxg4 35. hxg4 Nc7 36. f5 Na6 37. g5 Be5+ 38. Bg3 Qe7 39. Ng4 Bxg3+ 40. Rxg3
Bxf5 41. Nh6+ Kh8 42. Nxf5 Qe5 43. Nh6 Qb2 44. Rg2 Ra3 45. Qf2 Qe5+ 46. Rg3 1-0

[Event "V Open Alta Padovana A"]
[Site "Loreggia ITA"]
[Date "2005.02.27"]
[Round "4"]
[White "Pircher, Karl"]
[Black "Cecchetto, Vanni"]
[Result "1/2-1/2"]
[WhiteElo "2012"]
[BlackElo "1989"]
[PlyCount "72"]
[EventDate "2005.02.25"]

1. d4 Nf6 2. c4 c5 3. d5 e6 4. Nc3 exd5 5. cxd5 d6 6. e4 g6 7. Nf3 Bg7 8. Be2
O-O 9. h3 Na6 10. O-O Nc7 11. a4 a6 12. Bf4 Rb8 13. a5 b5 14. axb6 Rxb6 15. Qc2
Nb5 16. Nxb5 axb5 17. Ra8 Qe7 18. e5 Nxd5 19. exd6 Qb7 20. Rxc8 Rxc8 21. Bg3 c4
22. Ne5 Nf6 23. Bf3 Qa7 24. Qd2 Nd7 25. Bg4 Bxe5 26. Bxe5 Rd8 27. Qg5 Nxe5 28.
Qxd8+ Kg7 29. Re1 Nxg4 30. hxg4 Qb8 31. Qxb8 Rxb8 32. Re5 Rd8 33. Rxb5 Rxd6 34.
Rb4 Rd1+ 35. Kh2 Rc1 36. Kg3 Rc2 1/2-1/2

[Event "V Open Alta Padovana A"]
[Site "Loreggia ITA"]
[Date "2005.02.27"]
[Round "4"]
[White "Pomaro, Alberto"]
[Black "Annoni, Riccardo"]
[Result "0-1"]
[WhiteElo "1757"]
[BlackElo "2071"]
[PlyCount "33"]
[EventDate "2005.02.25"]

1. d4 d5 2. c4 e5 3. dxe5 d4 4. Nf3 Nc6 5. g3 Bg4 6. Bg2 Qd7 7. O-O O-O-O 8. a3
Nge7 9. b4 Ng6 10. Qa4 Kb8 11. Qb3 Ncxe5 12. Nxe5 Nxe5 13. c5 Bxe2 14. Re1 Nd3
15. Rxe2 Nxc1 16. Qf3 Nxe2+ 17. Kh1 0-1

[Event "V Open Alta Padovana A"]
[Site "Loreggia ITA"]
[Date "2005.02.27"]
[Round "4"]
[White "Quaranta, Cristiano"]
[Black "Xia, Jie"]
[Result "0-1"]
[WhiteElo "2072"]
[BlackElo "2097"]
[PlyCount "38"]
[EventDate "2005.02.25"]

1. d4 Nf6 2. Bg5 d5 3. Bxf6 exf6 4. e3 Bd6 5. c4 dxc4 6. Bxc4 O-O 7. Nc3 c6 8.
Qc2 Nd7 9. Nge2 f5 10. h3 Nf6 11. O-O-O Qa5 12. Kb1 Rb8 13. Rdg1 b5 14. Bd3 b4
15. Na4 Ne4 16. Bxe4 fxe4 17. Qxc6 Ba6 18. Qxd6 Qxa4 19. Nf4 Bc4 0-1

[Event "V Open Alta Padovana A"]
[Site "Loreggia ITA"]
[Date "2005.02.27"]
[Round "4"]
[White "Ricci, Alfredo"]
[Black "Lavric, Mihail"]
[Result "1-0"]
[WhiteElo "1981"]
[BlackElo "2092"]
[PlyCount "53"]
[EventDate "2005.02.25"]

1. e4 c5 2. Nf3 Nc6 3. d4 cxd4 4. Nxd4 e5 5. Nf5 d5 6. Qxd5 Qxd5 7. exd5 Nb4 8.
Bb5+ Kd8 9. Ne3 Bc5 10. Na3 Ne7 11. Bc4 f5 12. c3 Na6 13. b4 Bb6 14. Bb3 f4 15.
Nec2 Nf5 16. O-O Ke7 17. Re1 Kf6 18. Bb2 Bd7 19. Rad1 g5 20. c4 Rae8 21. c5
Nxc5 22. bxc5 Bxc5 23. Nc4 Nd4 24. Nxe5 Rxe5 25. Rxe5 Kxe5 26. Nxd4 Rf8 27.
Ne6+ 1-0

[Event "V Open Alta Padovana A"]
[Site "Loreggia ITA"]
[Date "2005.02.27"]
[Round "5"]
[White "Annoni, Riccardo"]
[Black "Gennari, Leone"]
[Result "1-0"]
[WhiteElo "2071"]
[BlackElo "2053"]
[PlyCount "65"]
[EventDate "2005.02.25"]

1. d4 Nf6 2. Nf3 g6 3. Nc3 d5 4. Bf4 c6 5. e3 Bg7 6. Be2 O-O 7. Ne5 Nbd7 8. h4
Ne4 9. Nxe4 dxe4 10. Nxd7 Bxd7 11. c3 h6 12. Qc2 f5 13. Qb3+ Kh7 14. Qxb7 Qe8
15. O-O-O Be6 16. Kb1 a5 17. f3 a4 18. fxe4 fxe4 19. Rhf1 Rf5 20. Bc7 Rc8 21.
Ba6 Qg8 22. Rxf5 gxf5 23. a3 Bf6 24. Qxc6 Bb3 25. Bxc8 Qxc8 26. Rf1 Qg8 27. g3
Qg4 28. Qd7 Kg6 29. Bf4 Qh3 30. Rc1 h5 31. Qe8+ Kg7 32. Qxh5 Bf7 33. Qe2 1-0

[Event "V Open Alta Padovana A"]
[Site "Loreggia ITA"]
[Date "2005.02.27"]
[Round "5"]
[White "Belloni, Umberto"]
[Black "Pircher, Karl"]
[Result "0-1"]
[WhiteElo "1950"]
[BlackElo "2012"]
[PlyCount "96"]
[EventDate "2005.02.25"]

1. e4 e6 2. d4 d5 3. exd5 exd5 4. Bd3 Bd6 5. Nf3 Ne7 6. c3 Bg4 7. Bg5 f6 8. Bh4
Nbc6 9. Nbd2 Qd7 10. Bg3 O-O-O 11. Bxd6 Qxd6 12. Qc2 Qe6+ 13. Kd1 g6 14. Re1
Qd6 15. b4 Qxh2 16. Bf1 Qd6 17. Kc1 Rde8 18. Kb2 Bf5 19. Qa4 Kb8 20. b5 Nd8 21.
Qb3 Ne6 22. g3 g5 23. Re3 Nc8 24. Rae1 Re7 25. a4 Rhe8 26. a5 Bg6 27. Qa4 Ng7
28. Rxe7 Rxe7 29. Rxe7 Qxe7 30. Qa3 Nd6 31. c4 dxc4 32. Nxc4 Nxc4+ 33. Bxc4
Qxa3+ 34. Kxa3 Ne8 35. Bd5 Nd6 36. Kb4 Bd3 37. b6 axb6 38. axb6 cxb6 39. Nd2
Kc7 40. Be6 Ne4 41. Nxe4 Bxe4 42. Kc4 Kd6 43. Bg4 f5 44. Bh5 b5+ 45. Kc3 Bd5
46. Be8 Bc4 47. Bh5 b6 48. Bf3 h6 0-1

[Event "V Open Alta Padovana A"]
[Site "Loreggia ITA"]
[Date "2005.02.27"]
[Round "5"]
[White "Boanta, Sandu"]
[Black "Ljubisavljevic, Zivojin Z."]
[Result "0-1"]
[WhiteElo "1826"]
[BlackElo "2281"]
[PlyCount "101"]
[EventDate "2005.02.25"]

1. d4 e6 2. c4 d5 3. Nf3 f5 4. cxd5 exd5 5. Nc3 c6 6. Bg5 Nf6 7. e3 Bd6 8. Bd3
O-O 9. Qc2 h6 10. Bxf6 Qxf6 11. g3 a5 12. a3 Na6 13. O-O Nc7 14. Na4 f4 15.
Bh7+ Kh8 16. Ne5 Bh3 17. exf4 g5 18. fxg5 hxg5 19. f4 Bxe5 20. dxe5 Qg7 21. Bd3
Bxf1 22. Rxf1 gxf4 23. Qg2 fxg3 24. Qh3+ Kg8 25. Rf6 gxh2+ 26. Kxh2 Rxf6 27.
exf6 Qh8 28. Qxh8+ Kxh8 29. Nc5 Ne8 30. Nd7 Nd6 31. Kg3 Rd8 32. Ne5 Kg8 33. Bg6
Nc4 34. Bf7+ Kf8 35. Nxc4 Kxf7 36. Nxa5 Rd7 37. Kf3 Kxf6 38. Ke3 Ke5 39. Kd3 c5
40. Kc3 Rh7 41. b4 Rh3+ 42. Kb2 b6 43. Nc6+ Ke4 44. b5 c4 45. a4 d4 46. a5 bxa5
47. b6 Rb3+ 48. Kc2 d3+ 49. Kc1 Rxb6 50. Nxa5 c3 51. Nc4 0-1

[Event "V Open Alta Padovana A"]
[Site "Loreggia ITA"]
[Date "2005.02.27"]
[Round "5"]
[White "Bonafede, Alessandro"]
[Black "Pomaro, Alberto"]
[Result "1-0"]
[WhiteElo "2089"]
[BlackElo "1757"]
[PlyCount "103"]
[EventDate "2005.02.25"]

1. e4 d6 2. d4 g6 3. Nc3 Bg7 4. Bg5 Nd7 5. f4 c5 6. d5 Qa5 7. Qd2 a6 8. a3 b5
9. Nf3 Qc7 10. Be2 Ngf6 11. Bxf6 Bxf6 12. O-O O-O 13. Nd1 Rb8 14. c3 a5 15. a4
Ba6 16. axb5 Bxb5 17. c4 Ba6 18. Qxa5 Qxa5 19. Rxa5 Rb6 20. Bd3 Rfb8 21. Re1
Bc8 22. e5 Bg7 23. Bc2 Ra6 24. Rxa6 Bxa6 25. b3 Nb6 26. Nf2 Bc8 27. g4 Ra8 28.
exd6 exd6 29. Re8+ Bf8 30. Ne4 Kg7 31. h3 Bb7 32. Rxa8 Bxa8 33. Nc3 Bb7 34. Nb5
Ba6 35. Nc7 Bb7 36. Ng5 Be7 37. Ne4 Kf8 38. Kf1 Nc8 39. f5 Bd8 40. Nb5 Ke7 41.
Kf2 h6 42. h4 Kd7 43. Kg3 g5 44. f6 Ba6 45. Nbxd6 Nxd6 46. Nxc5+ Ke8 47. Nxa6
Bxf6 48. hxg5 hxg5 49. Bd3 Be5+ 50. Kf3 Kd7 51. c5 Nc8 52. Bf5+ 1-0

[Event "V Open Alta Padovana A"]
[Site "Loreggia ITA"]
[Date "2005.02.27"]
[Round "5"]
[White "Cacco, Christian"]
[Black "Mukic, Josko"]
[Result "1-0"]
[WhiteElo "2282"]
[BlackElo "2340"]
[PlyCount "85"]
[EventDate "2005.02.25"]

1. d4 f5 2. g3 Nf6 3. Bg2 g6 4. b3 Bg7 5. Bb2 d6 6. Nd2 e5 7. dxe5 Nfd7 8. Nc4
dxe5 9. e4 Qf6 10. exf5 gxf5 11. Qh5+ Qf7 12. Qxf7+ Kxf7 13. Nf3 Re8 14. O-O-O
Nc6 15. Rhe1 Bh6+ 16. Kb1 e4 17. Nh4 Nb6 18. Ne3 Ne7 19. f4 Bg7 20. Bh3 Bxb2
21. Kxb2 Kf6 22. c4 Be6 23. g4 fxg4 24. Bxg4 Rad8 25. Kc3 c6 26. Rxd8 Rxd8 27.
Rd1 Rxd1 28. Bxd1 Ng6 29. Nxg6 hxg6 30. Bc2 g5 31. fxg5+ Kxg5 32. Kd4 Nd7 33.
Kxe4 b5 34. Bd3 a6 35. b4 Bf7 36. a3 c5 37. Bf1 cxb4 38. axb4 a5 39. bxa5 Nc5+
40. Kd4 Nb3+ 41. Kc3 bxc4 42. a6 Bg6 43. a7 1-0

[Event "V Open Alta Padovana A"]
[Site "Loreggia ITA"]
[Date "2005.02.27"]
[Round "5"]
[White "Drezzadore, Dario"]
[Black "Dallaglio, Giovanni"]
[Result "1-0"]
[WhiteElo "1963"]
[BlackElo "2028"]
[PlyCount "37"]
[EventDate "2005.02.25"]

1. e4 d5 2. exd5 Qxd5 3. Nc3 Qd6 4. Nf3 Nf6 5. Bc4 a6 6. O-O e6 7. d4 b5 8. Bd3
Bb7 9. Re1 Nbd7 10. Ne5 Qxd4 11. Nxf7 Qh4 12. Bg5 Qb4 13. Nxh8 Qxb2 14. Rxe6+
Be7 15. Qe1 Qb4 16. Bxh7 Nf8 17. Bg6+ Kd7 18. Rd1+ Bd6 19. Bf5 1-0

[Event "V Open Alta Padovana A"]
[Site "Loreggia ITA"]
[Date "2005.02.27"]
[Round "5"]
[White "Forato, Enrico"]
[Black "Padovan, Remo"]
[Result "1/2-1/2"]
[WhiteElo "1993"]
[BlackElo "1853"]
[PlyCount "92"]
[EventDate "2005.02.25"]

1. e4 c5 2. Nf3 d6 3. d4 cxd4 4. Nxd4 Nf6 5. Nc3 a6 6. Be2 e6 7. O-O Be7 8. f4
O-O 9. Be3 Nc6 10. Bf3 Qc7 11. a4 Rb8 12. f5 Nxd4 13. Bxd4 e5 14. Be3 b6 15. g4
Bb7 16. g5 Nd7 17. Qe1 b5 18. axb5 axb5 19. Qh4 b4 20. Nd5 Bxd5 21. exd5 Rfc8
22. Ra7 Rb7 23. Rxb7 Qxb7 24. f6 Bxf6 25. gxf6 Nxf6 26. Be4 Nxe4 27. Qxe4 g6
28. Bd2 Rc5 29. Bxb4 Qxd5 30. Qxd5 Rxd5 31. Rf6 Rb5 32. Bc3 Rd5 33. b4 Kf8 34.
Kf2 Ke7 35. Rf3 f5 36. Rd3 Rb5 37. Bd2 d5 38. Ra3 Rb7 39. Ra5 Ke6 40. b5 Kd7
41. Bb4 Rc7 42. c3 Rb7 43. Bc5 Kc8 44. Ra8+ Kd7 45. Ra7 Kc8 46. Rxb7 Kxb7
1/2-1/2

[Event "V Open Alta Padovana A"]
[Site "Loreggia ITA"]
[Date "2005.02.27"]
[Round "5"]
[White "Fragni, Enrico"]
[Black "Busi, Massimo"]
[Result "1/2-1/2"]
[WhiteElo "1898"]
[BlackElo "1820"]
[PlyCount "94"]
[EventDate "2005.02.25"]

1. Nf3 g6 2. d4 Bg7 3. Bf4 d6 4. e3 Nc6 5. Nbd2 e5 6. dxe5 dxe5 7. Bg3 Bg4 8.
Be2 Nh6 9. O-O O-O 10. c3 Qe7 11. Qc2 Nf5 12. Ne4 Nxg3 13. Nxg3 Rad8 14. Rad1
Kh8 15. e4 a6 16. h3 Be6 17. Rxd8 Rxd8 18. Rd1 Rxd1+ 19. Bxd1 f6 20. b3 Qd6 21.
Qd2 Kg8 22. Bc2 Kf7 23. Kf1 Ke7 24. Ke2 Qxd2+ 25. Nxd2 Kd6 26. Bd3 b5 27. Ngf1
Ne7 28. Ne3 f5 29. exf5 gxf5 30. f3 h5 31. c4 c6 32. cxb5 axb5 33. g4 hxg4 34.
hxg4 e4 35. fxe4 fxg4 36. Kf2 Be5 37. Be2 Bd4 38. Ndf1 Ke5 39. Kg3 Kxe4 40.
Nxg4 Bxg4 41. Kxg4 Bb6 42. Kg3 Kd4 43. Kf3 Kc3 44. a4 bxa4 45. bxa4 Kb4 46. Bd1
c5 47. Ke2 c4 1/2-1/2

[Event "V Open Alta Padovana A"]
[Site "Loreggia ITA"]
[Date "2005.02.27"]
[Round "5"]
[White "Lavric, Mihail"]
[Black "Casciello, Dimitri"]
[Result "1-0"]
[WhiteElo "2092"]
[BlackElo "1904"]
[PlyCount "65"]
[EventDate "2005.02.25"]

1. d4 Nf6 2. c4 g6 3. Nc3 Bg7 4. e4 d6 5. f4 O-O 6. Nf3 Na6 7. e5 Nd7 8. Be3 c5
9. Be2 cxd4 10. Bxd4 dxe5 11. fxe5 Nac5 12. Nd5 b6 13. O-O e6 14. Nc3 Bb7 15.
b4 Ne4 16. Qc2 Nxc3 17. Qxc3 Rc8 18. Rae1 Qc7 19. Bd3 Ba6 20. Rc1 Bb7 21. Rce1
Ba6 22. a4 Bxc4 23. Rc1 b5 24. axb5 Nb6 25. Qa1 Qb8 26. Bxc4 Rxc4 27. Rxc4 Nxc4
28. Qxa7 Qxb5 29. Bc5 Re8 30. Nd4 Qb8 31. Qxf7+ Kh8 32. Nxe6 Bxe5 33. Ng5 1-0

[Event "V Open Alta Padovana A"]
[Site "Loreggia ITA"]
[Date "2005.02.27"]
[Round "5"]
[White "Molina, Fabrizio"]
[Black "Ricci, Alfredo"]
[Result "1-0"]
[WhiteElo "2276"]
[BlackElo "1981"]
[PlyCount "73"]
[EventDate "2005.02.25"]

1. c4 Nf6 2. g3 g6 3. Bg2 Bg7 4. Nc3 O-O 5. e4 d6 6. Nge2 e5 7. O-O c5 8. d3
Nc6 9. f4 Nd4 10. Nxd4 cxd4 11. Ne2 Rb8 12. a4 a5 13. Rb1 Bg4 14. h3 Bxe2 15.
Qxe2 Bh6 16. fxe5 Bxc1 17. exf6 Be3+ 18. Kh2 Qe8 19. Rf3 Qxa4 20. Rbf1 b5 21.
Rxe3 dxe3 22. Qxe3 Kh8 23. Qh6 Rg8 24. c5 Rbe8 25. cxd6 Qd4 26. Qf4 Qxb2 27. d7
Re6 28. Qc7 Qd4 29. e5 Rxe5 30. Rf4 Rd5 31. Rxd4 Rxd4 32. Qxa5 Rxd7 33. Qxb5
Rd6 34. Be4 h6 35. h4 h5 36. Qg5 Kh7 37. Qxh5# 1-0

[Event "V Open Alta Padovana A"]
[Site "Loreggia ITA"]
[Date "2005.02.27"]
[Round "5"]
[White "Pojer, Romeo"]
[Black "Gromovs, Sergejs"]
[Result "0-1"]
[WhiteElo "2127"]
[BlackElo "2335"]
[PlyCount "96"]
[EventDate "2005.02.25"]

1. e4 c5 2. Nf3 d6 3. d4 cxd4 4. Nxd4 Nf6 5. Nc3 a6 6. Bc4 e6 7. Qe2 Be7 8. Bb3
O-O 9. Be3 b5 10. a3 Qc7 11. O-O-O Nbd7 12. g4 Nc5 13. f3 Nxb3+ 14. cxb3 Rb8
15. b4 Nd7 16. Kb1 Ne5 17. Rc1 Qd7 18. Rcd1 Bb7 19. f4 Nc4 20. Nf3 d5 21. exd5
exd5 22. Bd4 f6 23. Nd2 Bd6 24. Nxc4 bxc4 25. Qf3 Bc6 26. Rd2 Kh8 27. Re1 Qc7
28. Re6 Rfe8 29. Rde2 Rxe6 30. Rxe6 Bd7 31. Nxd5 Qc6 32. Re3 Qb7 33. g5 Bc6 34.
gxf6 Bxd5 35. fxg7+ Kg8 36. Qh5 Bf7 37. Qh4 Qh1+ 38. Re1 Qf3 39. Qf6 Qxf4 40.
Rf1 Qxf6 41. Rxf6 Rd8 42. Bc3 Bg6+ 43. Ka2 Bc2 44. b3 Bxb3+ 45. Kb2 Ba4 46. h4
Be8 47. Rh6 Bg6 48. h5 Bf4 0-1

[Event "V Open Alta Padovana A"]
[Site "Loreggia ITA"]
[Date "2005.02.27"]
[Round "5"]
[White "Renier, Renzo"]
[Black "Dvirnyy, Danyyil"]
[Result "0-1"]
[WhiteElo "1987"]
[BlackElo "2098"]
[PlyCount "108"]
[EventDate "2005.02.25"]

1. e4 c5 2. Nf3 d6 3. d4 cxd4 4. Qxd4 Nc6 5. Bb5 Bd7 6. Bxc6 Bxc6 7. c4 Nf6 8.
Nc3 e6 9. O-O Be7 10. Bg5 O-O 11. Rad1 Qc7 12. Rfe1 Rfd8 13. Rc1 Qa5 14. Qd2
Kf8 15. Nd4 h6 16. Bh4 Qh5 17. Bg3 Rac8 18. b3 Qg6 19. f3 Kg8 20. Nd5 Bf8 21.
Nxf6+ Qxf6 22. Red1 b6 23. Nxc6 Rxc6 24. Qc3 Qxc3 25. Rxc3 b5 26. c5 Rdc8 27.
Bf2 dxc5 28. Kf1 a6 29. Ke2 Be7 30. Rdc1 Kf8 31. Bd4 g6 32. R3c2 f6 33. Be3 Kf7
34. Kd3 Bf8 35. Ke2 Ke8 36. Kd3 R6c7 37. Ke2 h5 38. Kd3 c4+ 39. bxc4 Ba3 40.
Rb1 Rxc4 41. Rxc4 Rxc4 42. Rb3 Bd6 43. g3 Kd7 44. f4 Ra4 45. Rb2 Ra3+ 46. Kd2
f5 47. e5 Be7 48. Bf2 Kc6 49. Kc2 Kd5 50. Kb1 Ke4 51. Rc2 Kf3 52. Bb6 g5 53.
fxg5 Bxg5 54. Bc5 Rd3 0-1

[Event "V Open Alta Padovana A"]
[Site "Loreggia ITA"]
[Date "2005.02.27"]
[Round "5"]
[White "Roberti, Ignazio"]
[Black "Rostolis, Riccardo"]
[Result "1-0"]
[WhiteElo "1975"]
[BlackElo "2010"]
[PlyCount "75"]
[EventDate "2005.02.25"]

1. e4 d5 2. exd5 Nf6 3. d4 Nxd5 4. c4 Nb6 5. Nf3 Bf5 6. Nc3 Nc6 7. Bf4 e6 8. h3
Bb4 9. Rc1 O-O 10. Be2 Qe7 11. O-O Rad8 12. a3 Bxc3 13. Rxc3 Be4 14. Be3 f5 15.
Bg5 Qd7 16. Bxd8 Rxd8 17. b4 Nxd4 18. Qxd4 Qxd4 19. Nxd4 Rxd4 20. Rd1 Rxd1+ 21.
Bxd1 e5 22. Bb3 Kf7 23. c5+ Nd5 24. f3 Kf6 25. Rc1 Nf4 26. Rd1 Bc6 27. Kf2 Ne6
28. Bxe6 Kxe6 29. g4 f4 30. h4 g6 31. Rd8 Kf6 32. Rh8 e4 33. fxe4 Bxe4 34. Rxh7
g5 35. Rh6+ Kg7 36. hxg5 a6 37. Rf6 f3 38. Rxf3 1-0